000
00316nam a22001337a 4500
008
170411b xxu||||| |||| 00| 0 eng d
020
_a
9780534555214
041
_a
eng
080
_2
3RD
_a
612.39
100
_a
9
101
_a
SHM
245
_a
ADVANCED NUTRITION AND HUMAN METABOLISM
_c
GROFF, J,L
942
_2
udc
_c
BK
999
_c
10347
_d
10347